000 00499nam a22001937a 4500
003 OSt
005 20260417131331.0
008 260330b |||||||| |||| 00| 0 eng d
020 _a9789357059718
040 _cBGL
082 _a001.642 STA:C
100 _aStallings William
245 _aCryptography and network security : Principles And Practice
250 _a8th
260 _aNew Delhi
_bPearson India Education
_c2025
300 _a832p
650 _aMathematics
942 _2ddc
_cGB
999 _c44354
_d44354